| 000 | 00555nam a2200193 a 4500 | ||
|---|---|---|---|
| 005 | 20240228063821.0 | ||
| 008 | 991125s1995 ea 000 0 spa u | ||
| 035 | _aUPN01000000223 | ||
| 049 | _aI | ||
| 050 | 4 |
_aPZ78 _bD4.28 |
|
| 100 | 1 | _aDellinger, Annetta | |
| 245 | 1 | 0 |
_aAbrazar / _cAnnetta Dellinger ; il. por Jenny Williams. |
| 260 |
_aE.U.A. : _bThe Child's World, _c1995. |
||
| 300 |
_a30 p. : _bil. col. |
||
| 440 | 0 | _aValores para la vida | |
| 650 | 4 |
_aLibros y lectura para niƱos _92290 |
|
| 650 | 4 |
_aUsos y costumbres _915233 |
|
| 905 | _aFolleto | ||
| 999 |
_c223 _d223 |
||